Logo BPK

Biblioteka

Politechniki Koszalińskiej

Informatyka w praktyce : (Rekord nr 18631)

Szczegóły MARC
000 -ETYKIETA REKORDU
podpole kontrolne o stałej długości 00389nam a2200145 i 4500
001 - NUMER KONTROLNY REKORDU
pole kontrolne bg
040 ## - ŹRÓDŁO KATALOGOWANIA
Instytucja, która utworzyła rekord BPK
041 ## - KOD JĘZYKA
Kod języka tekstu pol
008 - POLE O STAŁEJ DŁUGOŚCI - DANE KONTROLNE
podpole kontrolne o stałej długości s pl f |000 0 pol
100 1# - NAZWA OSOBOWA
Nazwa osobowa Ilczuk, Janusz
Daty związane z nazwą (1931- ).
245 #0 - TYTUŁ/ODPOWIEDZIALNOŚĆ
Tytuł Informatyka w praktyce :
Ciąg dalszy tytułu efektywność systemów /
Pozostałe elementy strefy tytułu i oznaczenia odpowiedzialności J. Ilczuk, M. Jerczyńska.
260 ## - STREFA ADRESU WYDAWNICZEGO
Miejsce wydania Warszawa,
Data publikacji, dystrybucji/powstania dokumentu 1979.
700 1# - HASŁO DODATKOWE - NAZWA OSOBOWA
Nazwa osobowa Jerczyńska, Maria.
856 ## - LOKALIZACJA I DOSTĘP DO ELEKTRONICZNYCH DOKUMENTÓW ZDALNYCH
Link (URL) http://koha.tu.koszalin.pl/cgi-bin/koha/opac-detail.pl?biblionumber=18631
Tekst linku Katalog online BPK
942 ## - DODATKOWE ELEMENTY (KOHA)
Typ dokumentu Książka
Egzemplarze
Wycofany Status egzemplarza Uszkodzony Dostępność Lokalizacja stała Lokalizacja bieżąca Miejsce przechowywania Sygnatura Kod kreskowy Typ dokumentu
      Dostępny Biblioteka Politechniki Koszalińskiej Biblioteka Politechniki Koszalińskiej Wypożyczalnia BG 25997 01287158 Książka
© 2023 Biblioteka Politechniki Koszalińskiej :: KOHA